Biblioteca

La religión de la razón desde las fuentes del Judaísmo (Registro nro. 69194)

Detalles MARC
000 -LÍDER
Campo fijo de descripción fija 01840aam a2200409 i 4500
001 - NÚMERO DE CONTROL
Campo de control 768714001
003 - IDENTIFICADOR DEL NÚMERO DE CONTROL
Campo de control CO-MdFUSB
005 - FECHA Y HORA DE LA ULTIMA TRANSACCIÓN
control field 20250711170608.0
007 - CAMPO FIJO DE DESCRIPCIÓN FIJA--INFORMACIÓN GENERAL
Campo fijo de descripción fija ta
008 - ELEMENTOS DE LONGITUD FIJA -- INFORMACIÓN GENERAL
Campo fijo de descripción fija -- Información general 231023t2004 spa||||g |||| 001 0 spa d
020 ## - NÚMERO INTERNACIONAL NORMALIZADO PARA LIBROS
Número Internacional Normalizado del libro 84-7658-694-9
040 ## - FUENTE DE CATALOGACIÓN
Agencia de catalogación original CO-MdFUSB
Idioma de catalogación spa
Agencia que realiza la transcripción CO-MdFUSB
Agencia que realiza la modificación CO-MdFUSBC
Convenciones de la descripción rda
041 ## - CÓDIGO DE IDIOMA
Código de idioma para texto/pista de sonido o título separado spa
Código de idioma original ger
082 ## - NÚMERO DE CLASIFICACIÓN DECIMAL DEWEY
Número de la edición del Dewey 23
Número de clasificación 296.3
Clave de autor-Numero de item C678
100 ## - ASIENTO PRINCIPAL--NOMBRE PERSONAL
Nombre personal Cohen, Hermann,
Término relacionador autor
240 ## - TITULO UNIFORME
Título uniforme <a href="Die religion der vernunft aus den quellen des judentums">Die religion der vernunft aus den quellen des judentums</a>
245 #3 - TÍTULO
Título del Material La religión de la razón desde las fuentes del Judaísmo
Mención de responsabilidad, etc. / Hermann Cohen ; traducido por José Andrés Ancona Quiroz
264 #1 - PRODUCCIÓN, PUBLICACIÓN, DISTRIBUCIÓN, MANUFACTURA, Y COPYRIGHT
Lugar de producción, publicación, distribución, manufactura Barcelona, España :
Nombre del productor, publicador, distribuidor Anthropos,
Fecha de producción, publicación, distribución, manufactura, o copyright [2004]
264 #4 - PRODUCCIÓN, PUBLICACIÓN, DISTRIBUCIÓN, MANUFACTURA, Y COPYRIGHT
Fecha de producción, publicación, distribución, manufactura, o copyright ©2004
300 ## - DESCRIPCIÓN FÍSICA
Extensión 389 páginas
Dimensiones ; 24 cm
336 ## - TIPO DE CONTENIDO
Fuente rdacontent
Término de tipo de contenido texto
Código de tipo de contenido txt
337 ## - TIPO DE MEDIO
Fuente rdamedia
Nombre del tipo de medio sin mediación
Código del tipo de medio n
338 ## - TIPO DE SOPORTE
Fuente rdacarrier
Nombre del tipo de soporte volumen
Código Tipo de soporte nc
490 ## - MENCIÓN DE SERIE
Mención de serie Pensamiento crítico - pensamiento utópico.
504 ## - NOTA DE BIBLIOGRAFÍA, ETC.
Nota de bibliografía, etc Incluye índice
505 ## - NOTA DE CONTENIDO
Nota de contenido con formato preestablecido La unicidad de Dios -- La idolatría -- La creación -- La revelación -- La creación del ser humano en la razón -- Los atributos de la acción -- El Espíritu Santo -- El descubrimiento del hombre como prójimo -- El problema del amor religioso -- El individuo en cuanto yo -- La reconciliación -- El día de la reconciliación -- La idea del Mesías y de la humanidad -- Inmortalidad y resurrección -- La ley<br/> -- La oración -- Las virtudes -- La justicia -- La valentía -- La fidelidad -- La paz.
563 ## - NOTA DE ENCUADERNACIÓN
Nota de encuadernación Rústico.
650 #7 - ASIENTO SECUNDARIO DE MATERIA - TERMINO TEMÁTICO
9 (RLIN) 6881
Término temático o nombre geográfico como elemento de entrada Judaísmo
650 #7 - ASIENTO SECUNDARIO DE MATERIA - TERMINO TEMÁTICO
Término temático o nombre geográfico como elemento de entrada Filosofía
9 (RLIN) 7168
650 #7 - ASIENTO SECUNDARIO DE MATERIA - TERMINO TEMÁTICO
9 (RLIN) 385
Término temático o nombre geográfico como elemento de entrada Religión
653 ## - TÉRMINO DE INDIZACIÓN - NO CONTROLADO
Término no controlado Teología judía
653 ## - TÉRMINO DE INDIZACIÓN - NO CONTROLADO
Término no controlado Cohen, Hermann, 1942-1918 -- Crítica e interpretación
653 ## - TÉRMINO DE INDIZACIÓN - NO CONTROLADO
Término no controlado Judaísmo - Aspectos racionalistas
700 ## - ASIENTO SECUNDARIO - NOMBRE PERSONAL
9 (RLIN) 8800
Nombre personal Ancona Quiroz, José Andrés,
Responsabilidad traductor
942 ## - TIPO DE MATERIAL (KOHA)
Tipo de Item KOHA Libros General
945 ## - INFORMACIÓN LOCAL DEL REGISTRO
Catalogador sor1564
Existencias
Estado de Material Estado de Perdido Forma de Clasificación Estado de Dañado No para Préstamo Colección Biblioteca de Origen Biblioteca Permanente Fecha de Adquisición Área Total de Préstamos Signatura Topográfica Código de Barras Última vez visto Ejemplar/Existencia Fecha de Remplazo Tipo de Material
    Dewey Decimal Classification     Colección General Biblioteca FUSBC Biblioteca FUSBC 23/10/2023 RELIGIÓN - RELIGIONES   G 296.3 C678r 22399 23/10/2023 Ej. 1 23/10/2023 Libros General

Biblioteca FUSBC | Teléfono: (57+4) 349 88 10 Ext. 141| WhatsApp (+57) 3005338115 
E-mail: biblioteca@unisbc.edu.co | Calle 76 87-14 Robledo Palenque, Medellín, Colombia

Con tecnología Koha